Ius privatum romanum

Gespeichert in:
Bibliographische Detailangaben
1. Verfasser: Robleda, Olís (autor)
Format: Buch
Sprache:Latein
Veröffentlicht: Roma Pontificiae Universitatis Gregorianae 1960
Schlagworte:
Tags: Tag hinzufügen
Keine Tags, Fügen Sie den ersten Tag hinzu!

MARC

LEADER 00000nam a2200000 a 4500
001 UCX7185
003 CL-VaPUC
008 931130e19600000IT |||||||||||||||||lat|d
082 0 4 |a 340.54  |b ROB  |2 21 
100 |a Robleda, Olís  |e autor  |9 323990 
245 1 0 |a Ius privatum romanum 
300 |a v 
942 |c BK 
945 |d 19931130 00:00:00  |a aalvarez 
260 |a Roma  |b Pontificiae Universitatis Gregorianae  |c 1960 
500 |a v.1: Introductio in studium Iuris Privati Romani 
650 0 |a Derecho romano  |9 255930 
583 |a last modification  |c 19931130 00:00:00  |k Rodrigo Vera 
999 |c 227078  |d 227076 
952 |0 0  |1 0  |4 0  |6 340_540000000000000_ROB_1960  |7 0  |8 DER_ROM  |9 225859  |a BIBDER  |b BIBDER  |d 2019-11-15  |h v.1  |i 2945010  |o 340.54 ROB 1960  |p 2945010  |r 2023-01-25  |w 2019-11-15  |x Ubicación 4to piso  |y BK  |z Este recurso debe solicitarse con anticipación  |k DER